Quiz mathématique rapide, juste un petit quiz 6 aussi enfants - Statistiques

Statistiques générales
  • Ce quiz a été pris 285 fois
  • Le résultat moyen est 29 sur 30
Statistiques - réponses
Hint Réponse % Correct
1 x 1 = 1
100%
2 x 1 = 2
100%
1 x 2 = 2
100%
3 x 1 = 3
100%
1 x 3 = 3
100%
4 x 1 = 4
100%
2 x 2 = 4
100%
5 x 1 = 5
100%
6 x 1 = 6
100%
3 x 2 = 6
100%
2 x 3 = 6
100%
7 x 1 = 7
100%
8 x 1 = 8
100%
4 x 2 = 8
100%
9 x 1 = 9
100%
3 x 3 = 9
100%
10 x 1 = 10
99%
5 x 2 = 10
99%
6 x 2 = 12
99%
4 x 3 = 12
99%
7 x 2 = 14
98%
8 x 2 = 16
98%
9 x 2 = 18
98%
6 x 3= 18
98%
10 x 2 = 20
97%
5 x 3 = 15
95%
7 x 3 = 21
95%
10 x 3 = 30
94%
8 x 3 = 24
93%
9 x 3 = 27
93%
Aucun quiz correspondant
Distribution des résultats
% des personnes avec chaque résultat
Percentile par nombre de réponses
Votre historique - résultats
Vous n’avez pas pris ce quiz